000 00346nam a2200157Ia 4500
100 _aLala/R.M
650 _aJ.R.D Tata
942 _cBK
366 _f20
654 _ablue mountain
245 _aBeyond the Last Blue mountain: A life of J.R.D Tata
260 _bPenguin
_c1993
082 _a808.83
_bLAL
300 _a402
546 _aENGLISH
999 _c25280
_d25280